Statistics for NBA 50-40-90 Club

Click here to take the quiz!

General Stats

  • This quiz has been taken 24,462 times
    (9,332 since last reset)
  • The average score is 4 of 8

Answer Stats

# Times Player % Correct
1Stephen Curry
98%
4Steve Nash
73%
1Kevin Durant
63%
2Larry Bird
61%
1Dirk Nowitzki
45%
1Reggie Miller
36%
1Malcolm Brogdon
31%
1Mark Price
21%

Score Distribution

Percentile by Number Answered

Percent of People with Each Score

Your Score History

You have not taken this quiz since the last reset